|
|
|
|
| LEADER |
01067nta a2200217 i 4500 |
| 001 |
dokt1333 |
| 005 |
20241129101100.0 |
| 008 |
120112s2010 hu om 000 hun d |
| 040 |
|
|
|a SZTE Doktori Repozitórium
|b hun
|
| 041 |
|
|
|a hun
|
| 100 |
1 |
|
|a Filinger Margit
|
| 245 |
1 |
0 |
|a Mese, novella, mesenovella. Ludwig Tieck elbeszélései egy műfaj változásainak tükrében
|h [elektronikus dokumentum] /
|c Filinger Margit
|
| 246 |
1 |
0 |
|a Märchen, Novelle, Märchennovelle. Ludwig Tiecks Erzählungen in Wandlungen einer Gattung
|h [elektronikus dokumentum]
|
| 260 |
|
|
|c 2010-05-25
|
| 502 |
|
|
|a Disszertacio
|
| 650 |
|
4 |
|a bölcsészettudományok
|
| 650 |
|
4 |
|a Bölcsészettudományok
|
| 700 |
0 |
2 |
|a Barótiné Gaál Márta
|e ths
|
| 856 |
4 |
0 |
|u https://doktori.bibl.u-szeged.hu/id/eprint/1333/3/Filinger_disszert%C3%A1ci%C3%B3.pdf
|z Dokumentum-elérés
|
| 856 |
4 |
0 |
|u https://doktori.bibl.u-szeged.hu/id/eprint/1333/1/Filinger_magyar_t%C3%A9zis.pdf
|z Dokumentum-elérés
|
| 856 |
4 |
0 |
|u https://doktori.bibl.u-szeged.hu/id/eprint/1333/2/Filinger_n%C3%A9met_t%C3%A9zis.pdf
|z Dokumentum-elérés
|